000 00386nam a2200133Ia 4500
005 20260328104313.0
008 260328s9999||||xx |||||||||||||| ||und||
100 _aÁlvarez, Andrés Mauricio
245 0 _aAnagramas :
_b Rumbos y sentidos de la Comunicación /
_cAndrés Mauricio Álvarez
260 _bUniversidad de Medellin
300 _a225 p.
650 _aLENGUAJE
942 _cBK
999 _c11032
_d11032